[Event "Junior Online 4NCL Division 3"]
[Site "online"]
[Date "2020.05.07"]
[Round "4.13"]
[White "Avril, Aaran"]
[Black "Mokhber-Garcia, Sebastian"]
[Result "1/2-1/2"]
[WhiteElo "1375"]
[BlackElo "1465"]
[PlyCount "267"]
[EventDate "2020.05.07"]
[WhiteTeam "Dulwich College Junior A"]
[BlackTeam "Wey 1"]

1. e4 e5 2. Nf3 Nc6 3. Bb5 a6 4. Ba4 Nf6 5. O-O Bc5 6. c3 O-O 7. d4 exd4 8.
cxd4 Bb6 9. Re1 Re8 10. e5 Nd5 11. Bg5 f6 12. Bh4 d6 13. exf6 Rxe1+ 14. Qxe1
Nxf6 15. Nbd2 Nxd4 16. Nxd4 Bxd4 17. Rb1 Bd7 18. Bb3+ Kf8 19. Ne4 Bf5 20. Bc2
d5 21. Qb4+ c5 22. Nxc5 Bxc2 23. Ne6+ Ke8 24. Nxd8 Kxd8 25. Rc1 Bxf2+ 26. Kxf2
Rc8 27. Qd2 Kd7 28. Rxc2 Ne4+ 29. Ke3 Nxd2 30. Rxc8 Nc4+ 31. Rxc4 dxc4 32. Kd4
b5 33. Kc5 Kc7 34. Kb4 Kc6 35. Be7 Kb6 36. Bf8 a5+ 37. Kc3 g6 38. a3 Kc6 39.
Kd4 a4 40. Ke3 Kd5 41. Bg7 Kc5 42. Kf3 Kd5 43. Kg4 Ke6 44. Kg5 Kf7 45. Bd4 Kg8
46. Kh6 g5 47. Kxg5 Kf7 48. Kh6 Ke6 49. Kxh7 Kd5 50. Bh8 Kc5 51. Kg6 b4 52.
axb4+ Kxb4 53. Bc3+ Kb3 54. h4 a3 55. bxa3 Kxc3 56. h5 Kb3 57. h6 c3 58. h7 c2
59. h8=Q c1=Q 60. Qg8+ Kxa3 61. Qf8+ Kb3 62. Qf3+ Kb4 63. g4 Qc2+ 64. Qf5 Qc6+
65. Kh5 Qe8+ 66. Qg6 Qe5+ 67. g5 Qh2+ 68. Kg4 Qg2+ 69. Kf5 Qd5+ 70. Kf6 Qd6+
71. Kg7 Qd4+ 72. Kh6 Qh8+ 73. Qh7 Qf8+ 74. Qg7 Qd6+ 75. g6 Qh2+ 76. Kg5 Qg3+
77. Kf6 Qh4+ 78. Kf7 Qc4+ 79. Kf8 Qc8+ 80. Kf7 Qd7+ 81. Kg8 Qe6+ 82. Kh7 Qh3+
83. Qh6 Qd7+ 84. g7 Qd3+ 85. Kh8 Qd4 86. Qg6 Qh4+ 87. Qh7 Qd4 88. Qb1+ Kc5 89.
Qc1+ Kd5 90. Qg5+ Kc4 91. Qh6 Kd3 92. Qg6+ Kc4 93. Qf7+ Kd3 94. Qf8 Qh4+ 95.
Kg8 Qc4+ 96. Qf7 Qc8+ 97. Qf8 Qc4+ 98. Kh7 Qh4+ 99. Kg6 Qg4+ 100. Kf7 Qf5+ 101.
Ke8 Qb5+ 102. Kf7 Qf5+ 103. Kg8 Qd5+ 104. Kh8 Qh5+ 105. Kg8 Qd5+ 106. Kh7 Qh5+
107. Kg8 Qd5+ 108. Qf7 Qd8+ 109. Kh7 Qh4+ 110. Kg6 Qg4+ 111. Kf6 Qf4+ 112. Ke7
Qe5+ 113. Kf8 Qb8+ 114. Qe8 Qf4+ 115. Ke7 Qe5+ 116. Kf8 Qf6+ 117. Qf7 Qd8+ 118.
Qe8 Qf6+ 119. Kg8 Qd4 120. Qg6+ Kc3 121. Qc6+ Kd3 122. Qa6+ Ke3 123. Qa3+ Ke4
124. Qa8+ Kd3 125. Qf3+ Kc4 126. Qe2+ Kc5 127. Qe7+ Kc4 128. Qf7+ Kd3 129. Qg6+
Kc4 130. Kh7 Qh4+ 131. Qh6 Qe4+ 132. Kh8 Qd4 133. Qc6+ Kd3 134. Qf3+ 1/2-1/2

[Event "Junior Online 4NCL Division 3"]
[Site "online"]
[Date "2020.05.07"]
[Round "4.14"]
[White "Guo James, Jintian"]
[Black "He, Andy"]
[Result "1-0"]
[WhiteElo "1457"]
[BlackElo "1382"]
[PlyCount "49"]
[EventDate "2020.05.07"]
[WhiteTeam "Wey 1"]
[BlackTeam "Dulwich College Junior A"]

1. e4 e5 2. Nf3 Nc6 3. Bb5 a6 4. Bxc6 dxc6 5. O-O Nf6 6. Nxe5 Qd4 7. Nf3 Be7 8.
Nxd4 c5 9. Nf5 Bxf5 10. exf5 O-O 11. Nc3 Bd6 12. h3 Rfe8 13. Re1 Be5 14. d3
Rad8 15. Qf3 Bh2+ 16. Kxh2 Rxe1 17. b3 b6 18. Bb2 Ree8 19. Qg3 Nh5 20. Qg5 Nf6
21. Ne4 Kh8 22. Nxf6 h6 23. Qg3 gxf6 24. Bxf6+ Kh7 25. Qg7# 1-0

[Event "Junior Online 4NCL Division 3"]
[Site "online"]
[Date "2020.05.07"]
[Round "4.15"]
[White "Doyle, Joshua"]
[Black "Ghosh, Kabir A"]
[Result "1/2-1/2"]
[WhiteElo "1600"]
[BlackElo "1622"]
[PlyCount "72"]
[EventDate "2020.05.07"]
[WhiteTeam "Wey 1"]
[BlackTeam "Dulwich College Junior A"]

1. d4 f5 2. c4 e6 3. f3 Nf6 4. Nc3 c6 5. e4 fxe4 6. Nxe4 Nxe4 7. fxe4 d5 8.
exd5 exd5 9. cxd5 cxd5 10. Bb5+ Bd7 11. Qe2+ Qe7 12. Bxd7+ Nxd7 13. Bg5 Qxe2+
14. Nxe2 Bb4+ 15. Nc3 Bxc3+ 16. bxc3 O-O 17. O-O-O Rac8 18. Bd2 Nb6 19. Rdf1
Nc4 20. Rxf8+ Rxf8 21. Re1 Rf2 22. Bg5 Rxg2 23. Be7 Rxa2 24. Rf1 Ra1+ 25. Kc2
Rxf1 26. Bc5 b6 27. Bb4 Kf7 28. Kd3 a5 29. Bd6 Nxd6 30. Ke2 Rc1 31. Kd2 Rh1 32.
Ke3 Rxh2 33. Kd3 Rh3+ 34. Kc2 Ne4 35. Kb3 Rxc3+ 36. Ka4 Nd6 1/2-1/2

[Event "Junior Online 4NCL Division 3"]
[Site "online"]
[Date "2020.05.07"]
[Round "4.16"]
[White "Nguyen, Ryan"]
[Black "Baber, Sanjit"]
[Result "0-1"]
[WhiteElo "1517"]
[BlackElo "1540"]
[PlyCount "106"]
[EventDate "2020.05.07"]
[WhiteTeam "Dulwich College Junior A"]
[BlackTeam "Wey 1"]

1. e4 c5 2. c3 d6 3. d4 cxd4 4. cxd4 Nc6 5. Nf3 Bg4 6. d5 Ne5 7. Bb5+ Nd7 8.
O-O a6 9. Bxd7+ Bxd7 10. Nc3 Nf6 11. Be3 g6 12. Qd2 Bg4 13. Nd4 Bg7 14. h3 Bd7
15. f4 O-O 16. f5 Rb8 17. fxg6 fxg6 18. Rf2 b5 19. b4 a5 20. a3 axb4 21. axb4
Kh8 22. Ra5 Kg8 23. Ncxb5 Nxe4 24. Rxf8+ Kxf8 25. Qe2 Bxb5 26. Rxb5 Bxd4 27.
Bxd4 Rxb5 28. Qxb5 Nf6 29. Bxf6 exf6 30. Qc6 Qb8 31. b5 Qa7+ 32. Kh2 Ke7 33. b6
Qb8 34. b7 Kd8 35. Kg3 Qc7 36. Qxc7+ Kxc7 37. b8=Q+ Kxb8 38. Kf4 Kc7 39. g4 Kb6
40. Ke4 Kc5 41. h4 h5 42. gxh5 gxh5 43. Kf5 Kxd5 44. Kxf6 Ke4 45. Kg6 d5 46.
Kxh5 d4 47. Kg5 d3 48. h5 d2 49. h6 d1=Q 50. h7 Qd8+ 51. Kg6 Qh8 52. Kh6 Kf5
53. Kh5 Qxh7# 0-1

[Event "Junior Online 4NCL Division 3"]
[Site "online"]
[Date "2020.05.07"]
[Round "4.17"]
[White "Mokhber-Garcia, Sebastian"]
[Black "Avril, Aaran"]
[Result "1-0"]
[WhiteElo "1465"]
[BlackElo "1375"]
[PlyCount "129"]
[EventDate "2020.05.07"]
[WhiteTeam "Wey 1"]
[BlackTeam "Dulwich College Junior A"]

1. e4 e5 2. Nf3 Nc6 3. Nc3 Nf6 4. d4 exd4 5. Nxd4 Bc5 6. Nxc6 bxc6 7. Bg5 h6 8.
Bxf6 Qxf6 9. f3 Rb8 10. Rb1 O-O 11. Bd3 Qh4+ 12. g3 Qh3 13. Qe2 Re8 14. Qf1
Qxf1+ 15. Rxf1 d5 16. Kd2 dxe4 17. Bxe4 Bb4 18. Bxc6 Re6 19. Be4 Rd6+ 20. Ke3
Ba6 21. Rfd1 Bc5+ 22. Kf4 g5+ 23. Ke5 Re6+ 24. Kf5 Rbe8 25. Kg4 Bc8 26. Bf5 Ra6
27. Bxc8 Rxc8 28. Kh3 Re6 29. Re1 Rxe1 30. Rxe1 Bb4 31. Nd5 Rd8 32. Nxb4 Rd4
33. Nc6 Rc4 34. Nxa7 Rxc2 35. Rb1 Kg7 36. Nb5 c6 37. Nd4 Rc4 38. Ne2 Rc2 39.
Nc3 Kg6 40. a4 Rf2 41. a5 Rxf3 42. a6 Rf5 43. a7 Ra5 44. b4 Rxa7 45. b5 cxb5
46. Nxb5 Rb7 47. Nc3 Rxb1 48. Nxb1 f5 49. Nd2 f4 50. g4 h5 51. Nf3 h4 52. Kg2
Kf6 53. Kf2 Kg6 54. Ke2 Kf6 55. Kd3 Ke6 56. Ke4 Kf6 57. Kd5 Kg6 58. Ke5 Kh6 59.
Kf6 Kh7 60. Kxg5 h3 61. Kxf4 Kg6 62. Kg3 Kf6 63. Kxh3 Ke6 64. Kg3 Kf7 65. Kf4
1-0

[Event "Junior Online 4NCL Division 3"]
[Site "online"]
[Date "2020.05.07"]
[Round "4.18"]
[White "He, Andy"]
[Black "Guo James, Jintian"]
[Result "0-1"]
[WhiteElo "1382"]
[BlackElo "1457"]
[PlyCount "38"]
[EventDate "2020.05.07"]
[WhiteTeam "Dulwich College Junior A"]
[BlackTeam "Wey 1"]

1. e4 e6 2. d4 d5 3. e5 c5 4. c3 Nc6 5. Nf3 Qb6 6. Bd3 Bd7 7. dxc5 Bxc5 8. O-O
Qc7 9. b4 Bb6 10. Bc2 Nge7 11. Nd4 Nxe5 12. Bf4 N7g6 13. Bxg6 hxg6 14. Re1 f6
15. Na3 Qxc3 16. Nb3 Qxb4 17. Rc1 Qxf4 18. g3 Qxf2+ 19. Kh1 Qxh2# 0-1

[Event "Junior Online 4NCL Division 3"]
[Site "online"]
[Date "2020.05.07"]
[Round "4.21"]
[White "Postans, Harrison"]
[Black "Surapaneni, Rahul"]
[Result "0-1"]
[WhiteElo "1620"]
[BlackElo "1442"]
[PlyCount "160"]
[EventDate "2020.05.07"]
[WhiteTeam "EPR Paradox"]
[BlackTeam "Cheshire8Z"]

1. e4 c5 2. Nf3 d6 3. d4 cxd4 4. Nxd4 Nf6 5. Nc3 Nc6 6. f3 g6 7. Be3 Bg7 8. Qd2
O-O 9. O-O-O e6 10. g4 e5 11. Nb3 Be6 12. Nd5 Bxd5 13. exd5 Ne7 14. h4 Nexd5
15. Bg5 Qd7 16. Bc4 Nb6 17. Be2 Nc8 18. Bxf6 Bxf6 19. Qd5 Qc6 20. Bb5 Qxd5 21.
Rxd5 Rd8 22. g5 Bg7 23. Rhd1 a6 24. Be2 Bf8 25. a3 h6 26. Na5 Rb8 27. Nc4 b5
28. Na5 Rb6 29. Kb1 h5 30. Bf1 Ne7 31. R5d2 Nf5 32. Rd3 Nxh4 33. Nb3 Nf5 34.
Bh3 Ng3 35. Na1 Ne2 36. R1d2 Nf4 37. Nb3 Nxh3 38. Rd5 Rc8 39. c3 Rbc6 40. Nc1
a5 41. Ne2 Rd8 42. Rxb5 Be7 43. Rxa5 Bxg5 44. Rd1 Nf2 45. Rf1 Nd3 46. Rd5 Nc5
47. b4 Ne6 48. Rfd1 Nf4 49. Nxf4 Bxf4 50. c4 h4 51. c5 e4 52. fxe4 Be5 53. cxd6
Rcxd6 54. b5 Rxd5 55. exd5 h3 56. a4 h2 57. a5 h1=Q 58. Rxh1 Rxd5 59. a6 Rxb5+
60. Kc2 Ra5 61. Re1 Bg7 62. Re8+ Kh7 63. Ra8 g5 64. a7 Kg6 65. Kd3 Kf5 66. Ke3
Ra4 67. Kf3 Bd4 68. Kg3 Rxa7 69. Rxa7 Bxa7 70. Kf3 g4+ 71. Kg3 Bb8+ 72. Kg2 Kf4
73. Kf2 f5 74. Kg2 Ke3 75. Kf1 f4 76. Kg2 f3+ 77. Kf1 Bh2 78. Ke1 g3 79. Kf1
g2+ 80. Ke1 g1=R# 0-1

[Event "Junior Online 4NCL Division 3"]
[Site "online"]
[Date "2020.05.07"]
[Round "4.22"]
[White "Crook, Ethan"]
[Black "Stevenson, Neil"]
[Result "0-1"]
[WhiteElo "1405"]
[BlackElo "1483"]
[PlyCount "68"]
[EventDate "2020.05.07"]
[WhiteTeam "Cheshire8Z"]
[BlackTeam "EPR Paradox"]

1. e4 e5 2. Nf3 d6 3. d4 f5 4. Bc4 fxe4 5. Ng5 d5 6. dxe5 c6 7. Bb3 Be7 8. Nh3
Qc7 9. Bf4 Bxh3 10. Qh5+ g6 11. Qxh3 Nd7 12. Qc3 a5 13. a3 O-O-O 14. g3 Qb6 15.
Bxd5 Bc5 16. Be3 cxd5 17. Bxc5 Qxc5 18. e6 Qxc3+ 19. Nxc3 Nc5 20. O-O-O Ne7 21.
b4 axb4 22. axb4 Nxe6 23. f3 Ng5 24. fxe4 Nxe4 25. Rhe1 Nxc3 26. Rd3 Ne4 27.
Rde3 Nf5 28. R3e2 Nd4 29. Rxe4 dxe4 30. Rxe4 Nf3 31. Rc4+ Kb8 32. h4 Rc8 33.
Rf4 Rhf8 34. Rxf8 Rxf8 0-1

[Event "Junior Online 4NCL Division 3"]
[Site "online"]
[Date "2020.05.07"]
[Round "4.23"]
[White "Wynn, Jacob"]
[Black "Epstein, Jacob"]
[Result "0-1"]
[WhiteElo "1234"]
[BlackElo "1427"]
[PlyCount "40"]
[EventDate "2020.05.07"]
[WhiteTeam "EPR Paradox"]
[BlackTeam "Cheshire8Z"]

1. e4 e5 2. Nf3 Nc6 3. Bc4 Nf6 4. d3 h6 5. Nc3 Bc5 6. O-O O-O 7. Re1 d6 8. Be3
Bb6 9. Qd2 Bxe3 10. Rxe3 Bg4 11. Rae1 Nd4 12. Nxd4 exd4 13. Rg3 dxc3 14. Qxc3
Be6 15. Bxe6 fxe6 16. e5 Nd5 17. Qd2 dxe5 18. Qxh6 Qf6 19. Qh5 Qxf2+ 20. Kh1
Qxe1# 0-1

[Event "Junior Online 4NCL Division 3"]
[Site "online"]
[Date "2020.05.07"]
[Round "4.24"]
[White "Goldsmith, Max"]
[Black "Jessop, Osian"]
[Result "1-0"]
[WhiteElo "1405"]
[BlackElo "1169"]
[PlyCount "65"]
[EventDate "2020.05.07"]
[WhiteTeam "Cheshire8Z"]
[BlackTeam "EPR Paradox"]

1. e4 e5 2. Nf3 Nc6 3. Bc4 Nf6 4. Nc3 Bc5 5. d3 d6 6. h3 a6 7. Bg5 O-O 8. Nd5
Be6 9. Nxf6+ gxf6 10. Bh6 Re8 11. Bxe6 Rxe6 12. O-O f5 13. Bg5 Qe8 14. exf5 Re7
15. Bxe7 Qxe7 16. c3 Qf6 17. d4 exd4 18. cxd4 Nxd4 19. Nxd4 Bxd4 20. Qb3 Ra7
21. Qg3+ Kf8 22. Rab1 Qxf5 23. Qh4 Bf6 24. Qc4 b5 25. Qe2 c5 26. Rfe1 Re7 27.
Qd2 Bd4 28. Rxe7 Kxe7 29. Re1+ Kf8 30. Qh6+ Bg7 31. Qxd6+ Kg8 32. Re8+ Bf8 33.
Qxf8# 1-0

[Event "Junior Online 4NCL Division 3"]
[Site "online"]
[Date "2020.05.07"]
[Round "4.25"]
[White "Surapaneni, Rahul"]
[Black "Postans, Harrison"]
[Result "1-0"]
[WhiteElo "1442"]
[BlackElo "1620"]
[PlyCount "121"]
[EventDate "2020.05.07"]
[WhiteTeam "Cheshire8Z"]
[BlackTeam "EPR Paradox"]

1. g3 e5 2. Bg2 Nf6 3. d3 d5 4. Nc3 c6 5. e4 dxe4 6. dxe4 Qxd1+ 7. Nxd1 Bc5 8.
Nc3 Be6 9. Nf3 Nbd7 10. O-O O-O-O 11. Bg5 Bd4 12. Nxd4 exd4 13. Ne2 h6 14. Bxf6
Nxf6 15. Rfd1 c5 16. c3 Bg4 17. f3 d3 18. Nc1 Bh5 19. Nxd3 Nxe4 20. g4 Nxc3 21.
bxc3 Bg6 22. Nxc5 Kc7 23. f4 f5 24. gxf5 Bxf5 25. Nxb7 Rde8 26. Nd6 Ref8 27.
Nxf5 Rxf5 28. Rf1 Rhf8 29. Rae1 Kd6 30. Rd1+ Kc5 31. Rd7 R8f7 32. Rxf7 Rxf7 33.
Rf3 Kc4 34. Kf2 Rd7 35. Ke2 Rb7 36. Bf1 Rb2+ 37. Ke3+ Kc5 38. Rf2 Rb8 39. Kf3
Rf8 40. c4 g5 41. Kg3 Rf5 42. Kg4 Rxf4+ 43. Rxf4 gxf4 44. Kxf4 Kd6 45. Kf5 a6
46. Kg6 Ke6 47. Kxh6 a5 48. h4 Kf6 49. c5 a4 50. c6 Ke6 51. c7 Kd7 52. Kg6 Kxc7
53. h5 Kd7 54. h6 Ke7 55. h7 Ke6 56. h8=Q Ke7 57. Qf6+ Kd7 58. Bb5+ Kc7 59.
Qc6+ Kb8 60. Ba6 Ka7 61. Qb7# 1-0

[Event "Junior Online 4NCL Division 3"]
[Site "online"]
[Date "2020.05.07"]
[Round "4.26"]
[White "Stevenson, Neil"]
[Black "Crook, Ethan"]
[Result "1-0"]
[WhiteElo "1483"]
[BlackElo "1405"]
[PlyCount "39"]
[EventDate "2020.05.07"]
[WhiteTeam "EPR Paradox"]
[BlackTeam "Cheshire8Z"]

1. e4 e5 2. Nf3 Nc6 3. Bc4 Nf6 4. d4 exd4 5. O-O Bc5 6. e5 Ng8 7. Ng5 Nh6 8.
Ne4 Nxe5 9. Nxc5 Nxc4 10. Bxh6 gxh6 11. Qe2+ Qe7 12. Qxc4 d6 13. Nd3 Be6 14.
Qa4+ Bd7 15. Qxd4 Rg8 16. Nd2 Bh3 17. Rfe1 Rxg2+ 18. Kh1 Kd7 19. Rxe7+ Kxe7 20.
Qe3+ 1-0

[Event "Junior Online 4NCL Division 3"]
[Site "online"]
[Date "2020.05.07"]
[Round "4.27"]
[White "Epstein, Jacob"]
[Black "Wynn, Jacob"]
[Result "0-1"]
[WhiteElo "1427"]
[BlackElo "1234"]
[PlyCount "34"]
[EventDate "2020.05.07"]
[WhiteTeam "Cheshire8Z"]
[BlackTeam "EPR Paradox"]

1. e4 e5 2. Nf3 Nc6 3. Bc4 Nf6 4. d3 Bc5 5. Bg5 O-O 6. Nc3 d6 7. Nd5 Be6 8.
Nxf6+ gxf6 9. Bxe6 fxe6 10. Bh6 Rf7 11. Nxe5 fxe5 12. Qg4+ Kh8 13. Qxe6 Qg8 14.
Kd1 Nd4 15. Qc4 Qg4+ 16. Kd2 Rxf2+ 17. Ke1 Qe2# 0-1

[Event "Junior Online 4NCL Division 3"]
[Site "online"]
[Date "2020.05.07"]
[Round "4.28"]
[White "Jessop, Osian"]
[Black "Goldsmith, Max"]
[Result "1-0"]
[WhiteElo "1169"]
[BlackElo "1405"]
[PlyCount "95"]
[EventDate "2020.05.07"]
[WhiteTeam "EPR Paradox"]
[BlackTeam "Cheshire8Z"]

1. e4 e6 2. Nf3 d5 3. e5 c5 4. Bb5+ Nc6 5. Bxc6+ bxc6 6. d4 cxd4 7. Nxd4 c5 8.
Nf3 Ne7 9. Bg5 Qa5+ 10. c3 Nf5 11. O-O g6 12. Nbd2 Bg7 13. Nb3 Qc7 14. Nbd2 O-O
15. Bf6 Bxf6 16. exf6 Qd8 17. b4 cxb4 18. cxb4 Qxf6 19. Re1 Qe7 20. Ne5 Qxb4
21. a3 Qd6 22. Ndc4 Qc5 23. Ne3 Nxe3 24. Rxe3 f6 25. Nxg6 hxg6 26. Rg3 Kg7 27.
Qh5 Qc2 28. h3 Ba6 29. Ra2 Qb1+ 30. Kh2 Kf7 31. Qh7+ Ke8 32. Rb2 Qxb2 33. Qxg6+
Ke7 34. Qg7+ Rf7 35. Qh6 Qxf2 36. Rf3 Qc2 37. Re3 Qd2 38. Rxe6+ Kxe6 39. Qxd2
Rg7 40. Qe3+ Kf7 41. Qd2 Rag8 42. Qxd5+ Kf8 43. Qd6+ Kf7 44. Qd5+ Kg6 45. Qe4+
Kh6 46. Qf4+ Kh5 47. g4+ Kh4 48. Qh6# 1-0

[Event "Junior Online 4NCL Division 3"]
[Site "online"]
[Date "2020.05.07"]
[Round "4.31"]
[White "Sankar, Dheekshitha"]
[Black "Whelan, Joseph"]
[Result "0-1"]
[WhiteElo "1510"]
[BlackElo "1547"]
[PlyCount "76"]
[EventDate "2020.05.07"]
[WhiteTeam "Harrow Juniors B"]
[BlackTeam "4 Gems"]

1. e4 e6 2. d4 d5 3. Nc3 c6 4. Nf3 Nd7 5. Bd3 dxe4 6. Bxe4 Ngf6 7. Bd3 Bb4 8.
O-O Bxc3 9. bxc3 O-O 10. Bg5 h6 11. Bh4 Qa5 12. Qd2 Nd5 13. c4 Qxd2 14. Nxd2
Nf4 15. Be4 Ne2+ 16. Kh1 g5 17. Bg3 f5 18. Bd6 Rf7 19. Bd3 Nc3 20. Rfe1 Nf6 21.
Bb4 Na4 22. Nf3 Nb2 23. Ne5 Nxd3 24. cxd3 Rg7 25. Nf3 Bd7 26. Rab1 b6 27. Bd6
Ng4 28. Ne5 Nxe5 29. Kg1 Nxd3 30. Re3 Nf4 31. Bxf4 gxf4 32. Rf3 Rf8 33. Rxf4
Rg4 34. Rf3 Rxd4 35. Rg3+ Kh7 36. Re1 Rxc4 37. Ree3 Rc1+ 38. Re1 Rxe1# 0-1

[Event "Junior Online 4NCL Division 3"]
[Site "online"]
[Date "2020.05.07"]
[Round "4.32"]
[White "Gogia, Abeer"]
[Black "Gurjar, Siena"]
[Result "0-1"]
[WhiteElo "1427"]
[BlackElo "1397"]
[PlyCount "124"]
[EventDate "2020.05.07"]
[WhiteTeam "4 Gems"]
[BlackTeam "Harrow Juniors B"]

1. e4 c6 2. d4 d5 3. exd5 cxd5 4. c4 Nf6 5. Nc3 Bf5 6. Qb3 Qb6 7. Qxb6 axb6 8.
cxd5 Bc2 9. Bd2 Bb3 10. Bb5+ Nbd7 11. Bxd7+ Kxd7 12. Nf3 Bxd5 13. Nxd5 Nxd5 14.
Ne5+ Ke8 15. O-O e6 16. a3 Bd6 17. f4 Ke7 18. Rac1 Rhd8 19. Nc4 Rac8 20. Nxd6
Kxd6 21. Bc3 Ke7 22. f5 Ke8 23. fxe6 fxe6 24. Rfe1 Ke7 25. Bd2 Rxc1 26. Bxc1
Rc8 27. Bg5+ Kd6 28. Rc1 Rxc1+ 29. Bxc1 Nf6 30. b4 Nd5 31. Bb2 Nf4 32. g3 Nd3
33. Ba1 Kd5 34. Kf1 Kc4 35. Ke2 Nc1+ 36. Kd1 Nb3 37. Bb2 Nxd4 38. Bxd4 Kxd4 39.
Kd2 Kc4 40. Kc2 b5 41. h3 h6 42. h4 g5 43. h5 g4 44. Kb2 Kd3 45. Kb3 e5 46. a4
bxa4+ 47. Kxa4 e4 48. Kb5 e3 49. Kb6 e2 50. Kxb7 e1=Q 51. b5 Qe6 52. b6 Qd6 53.
Kc8 Qxb6 54. Kd7 Kd4 55. Kc8 Qa7 56. Kd8 Qb7 57. Ke8 Qc7 58. Kf8 Qd7 59. Kg8
Qe7 60. Kh8 Ke5 61. Kg8 Kf6 62. Kh8 Qg7# 0-1

[Event "Junior Online 4NCL Division 3"]
[Site "online"]
[Date "2020.05.07"]
[Round "4.33"]
[White "Parikh, Naavya"]
[Black "Rizvi, Aysha"]
[Result "1-0"]
[WhiteElo "1375"]
[BlackElo "1345"]
[PlyCount "153"]
[EventDate "2020.05.07"]
[WhiteTeam "Harrow Juniors B"]
[BlackTeam "4 Gems"]

1. e4 c5 2. Bc4 Nc6 3. Nc3 g6 4. Nf3 Bg7 5. O-O d6 6. h3 Nf6 7. Re1 O-O 8. d4
cxd4 9. Nxd4 Nxd4 10. Qxd4 Nd7 11. Qd3 Ne5 12. Qe2 Nxc4 13. Qxc4 Be6 14. Qd3
Rc8 15. Bd2 Qb6 16. Reb1 Bd4 17. Qf3 Qb4 18. a3 Qb6 19. Be3 Bxe3 20. fxe3 Qc5
21. Re1 b5 22. Rab1 a5 23. Rec1 b4 24. axb4 axb4 25. Ne2 d5 26. exd5 Qxd5 27.
Qxd5 Bxd5 28. c3 Be4 29. Ra1 bxc3 30. Nxc3 Bf5 31. Nd5 Rxc1+ 32. Rxc1 e6 33.
Ne7+ Kg7 34. Nxf5+ exf5 35. Kf2 Rb8 36. Rb1 Kf6 37. Ke2 Ke5 38. Kd3 Kd5 39. Kc3
Kc5 40. b4+ Kd5 41. Kd3 Ke5 42. Ke2 Ke4 43. b5 Kd5 44. Kf3 Kc5 45. Kg3 Rxb5 46.
Rxb5+ Kxb5 47. Kh4 h5 48. Kg5 Kc4 49. Kf6 Kd3 50. Kxf7 Kxe3 51. Kxg6 Kf2 52.
Kxf5 Kxg2 53. h4 Kg3 54. Kg5 Kf3 55. Kxh5 Kf4 56. Kg6 Kg4 57. h5 Kf4 58. h6 Ke5
59. h7 Ke6 60. h8=Q Kd5 61. Qh4 Ke5 62. Qg4 Kd5 63. Qf4 Kc5 64. Qe4 Kd6 65. Qf5
Ke7 66. Kh6 Kd6 67. Kg7 Ke7 68. Qf6+ Kd7 69. Kf8 Kc7 70. Qe6 Kb7 71. Qd6 Ka7
72. Qc6 Kb8 73. Qd7 Ka8 74. Ke7 Kb8 75. Kd6 Ka8 76. Kc6 Kb8 77. Qb7# 1-0

[Event "Junior Online 4NCL Division 3"]
[Site "online"]
[Date "2020.05.07"]
[Round "4.34"]
[White "Rizvi, Zara"]
[Black "Benhamou, Nathan"]
[Result "0-1"]
[WhiteElo "1360"]
[BlackElo "1382"]
[PlyCount "56"]
[EventDate "2020.05.07"]
[WhiteTeam "4 Gems"]
[BlackTeam "Harrow Juniors B"]

1. d4 d5 2. c4 c6 3. Nc3 Nf6 4. Bf4 Bf5 5. Nf3 Nbd7 6. e3 e6 7. Bd3 Bg6 8. Bxg6
hxg6 9. O-O Ne4 10. Qd2 Nxd2 11. Nxd2 Qh4 12. Nf3 Qe7 13. Rfe1 O-O-O 14. a3
dxc4 15. Bg5 f6 16. Bf4 g5 17. Bg3 f5 18. h3 g4 19. hxg4 fxg4 20. Nh2 Nf6 21.
Rab1 Qf7 22. Rbc1 Bd6 23. f4 g5 24. Ne2 gxf4 25. exf4 Ne4 26. Nxg4 Nxg3 27.
Nxg3 Qxf4 28. Re4 Qxc1+ 0-1

[Event "Junior Online 4NCL Division 3"]
[Site "online"]
[Date "2020.05.07"]
[Round "4.35"]
[White "Whelan, Joseph"]
[Black "Sankar, Dheekshitha"]
[Result "1-0"]
[WhiteElo "1547"]
[BlackElo "1510"]
[PlyCount "105"]
[EventDate "2020.05.07"]
[WhiteTeam "4 Gems"]
[BlackTeam "Harrow Juniors B"]

1. e4 e5 2. Nf3 Nc6 3. Bc4 Bc5 4. c3 Nf6 5. d4 Bb6 6. dxe5 Nxe4 7. Qd5 O-O 8.
Qxe4 d5 9. Bxd5 g6 10. Bg5 Qe8 11. Bh6 Bf5 12. Qe2 Rd8 13. Bxc6 Qxc6 14. Bxf8
Kxf8 15. Nbd2 Bd3 16. Qd1 Qc5 17. Nd4 Qxe5+ 18. Ne2 c6 19. Nf3 Qc5 20. Nfd4 Ba6
21. O-O Qe5 22. Ng3 c5 23. Re1 Qf6 24. Qf3 Qd6 25. Ne6+ Kg8 26. Nxd8 Qxd8 27.
Rad1 Qg5 28. Re8+ Kg7 29. Ne4 Qf5 30. Qxf5 gxf5 31. Nd6 c4 32. Nxf5+ Kf6 33.
Nd4 Bc7 34. Nf3 b6 35. Re4 Bb7 36. Rxc4 Bf4 37. Rxf4+ Kg7 38. Rxf7+ Kxf7 39.
Rd7+ Kg6 40. Rxb7 Kh6 41. Rxa7 b5 42. Ra6+ Kg7 43. Rb6 b4 44. Rb5 bxc3 45. bxc3
h6 46. a4 Kf7 47. a5 Ke7 48. a6 Kd7 49. a7 Kc7 50. a8=Q Kd7 51. Qa6 Ke7 52.
Rb7+ Kd8 53. Qa8# 1-0

[Event "Junior Online 4NCL Division 3"]
[Site "online"]
[Date "2020.05.07"]
[Round "4.36"]
[White "Gurjar, Siena"]
[Black "Gogia, Abeer"]
[Result "0-1"]
[WhiteElo "1397"]
[BlackElo "1427"]
[PlyCount "108"]
[EventDate "2020.05.07"]
[WhiteTeam "Harrow Juniors B"]
[BlackTeam "4 Gems"]

1. e4 c5 2. Nf3 d6 3. d4 cxd4 4. Nxd4 Nf6 5. Nc3 a6 6. f4 e5 7. Nf3 Bg4 8. fxe5
Bxf3 9. gxf3 dxe5 10. Qxd8+ Kxd8 11. Be3 Nc6 12. O-O-O+ Kc7 13. Bh3 Be7 14. Na4
b5 15. Bb6+ Kb7 16. Bc5 bxa4 17. Bxe7 Nxe7 18. Rhg1 Ng6 19. Bd7 Rhd8 20. Bxa4
Kc7 21. Rxd8 Rxd8 22. Rd1 Rxd1+ 23. Kxd1 Kd6 24. Bb3 Nh8 25. Ke2 Nh5 26. Bc4
Nf4+ 27. Ke3 a5 28. h4 f6 29. Bg8 h5 30. Kf2 Nhg6 31. Kg3 Ne2+ 32. Kh3 Ngf4+
33. Kh2 Nd4 34. c4 Nxf3+ 35. Kg3 Nd4 36. Bf7 g5 37. hxg5 fxg5 38. a3 Kc5 39.
Kh2 Nc2 40. Kg3 Ne3 41. Kh2 Nxc4 42. b3 Nxa3 43. Kg3 Nc2 44. Kf3 Nd4+ 45. Kg3
Kb4 46. Kf2 Nxb3 47. Bxb3 Kxb3 48. Ke3 a4 49. Kf3 a3 50. Kg3 a2 51. Kf3 a1=Q
52. Kg3 Qc3+ 53. Kh2 Qh3+ 54. Kg1 Qg2# 0-1

[Event "Junior Online 4NCL Division 3"]
[Site "online"]
[Date "2020.05.07"]
[Round "4.37"]
[White "Rizvi, Aysha"]
[Black "Parikh, Naavya"]
[Result "0-1"]
[WhiteElo "1345"]
[BlackElo "1375"]
[PlyCount "68"]
[EventDate "2020.05.07"]
[WhiteTeam "4 Gems"]
[BlackTeam "Harrow Juniors B"]

1. c4 e5 2. g3 Nf6 3. Bg2 d5 4. cxd5 Nxd5 5. d3 Bb4+ 6. Bd2 Bxd2+ 7. Qxd2 O-O
8. Bf3 Be6 9. Bg2 c6 10. Nf3 Nd7 11. O-O Qf6 12. Nc3 Nxc3 13. bxc3 Nc5 14. d4
exd4 15. cxd4 Ne4 16. Qd3 Bf5 17. Qc4 Bg4 18. Rfc1 Bxf3 19. Bxf3 Nd6 20. Qb4
Rfd8 21. d5 cxd5 22. Bxd5 Rab8 23. Qa3 Nb5 24. Qa5 Rxd5 25. a4 Rf5 26. axb5 a6
27. bxa6 Rxa5 28. Rxa5 bxa6 29. Rac5 h6 30. Ra5 Rb6 31. Kg2 Rb5 32. Rxb5 axb5
33. Rb1 Qc6+ 34. Kh3 Qf6 0-1

[Event "Junior Online 4NCL Division 3"]
[Site "online"]
[Date "2020.05.07"]
[Round "4.38"]
[White "Benhamou, Nathan"]
[Black "Rizvi, Zara"]
[Result "0-1"]
[WhiteElo "1382"]
[BlackElo "1360"]
[PlyCount "152"]
[EventDate "2020.05.07"]
[WhiteTeam "Harrow Juniors B"]
[BlackTeam "4 Gems"]

1. e4 c5 2. Nf3 d6 3. Nc3 Nf6 4. Bb5+ Bd7 5. Bxd7+ Qxd7 6. O-O g6 7. Re1 Bg7 8.
e5 dxe5 9. Nxe5 Qd8 10. d3 O-O 11. Bg5 Nc6 12. Nxc6 bxc6 13. Qf3 Rc8 14. Ne4
Nxe4 15. Rxe4 f6 16. Be3 Re8 17. Bxc5 f5 18. Re6 Bxb2 19. Rb1 Bd4 20. Bb4 c5
21. Bd2 Bg7 22. Rb7 a5 23. h3 Rc7 24. Bg5 Rxb7 25. Qxb7 Bf8 26. Qa7 Qb8 27.
Qxb8 Rxb8 28. Bxe7 Bxe7 29. Rxe7 Rb2 30. c4 Rxa2 31. Re5 Rb2 32. Rxc5 Rb1+ 33.
Kh2 a4 34. Ra5 Rb4 35. Kg3 Kf7 36. Kf3 Kf6 37. Ke3 Kg5 38. g3 h5 39. f4+ Kf6
40. Kd4 g5 41. Kc5 Rb3 42. fxg5+ Kxg5 43. Rxa4 Rxd3 44. h4+ Kg4 45. Ra5 Rxg3
46. Kd6 f4 47. c5 f3 48. c6 f2 49. Ra1 Rg1 50. Rxg1+ fxg1=Q 51. c7 Qd4+ 52. Kc6
Qc4+ 53. Kb7 Qb5+ 54. Kc8 Kf5 55. Kd8 Qd5+ 56. Kc8 Ke6 57. Kb8 Qb5+ 58. Ka8
Qc6+ 59. Kb8 Qb5+ 60. Ka8 Qa6+ 61. Kb8 Qc6 62. c8=Q+ Qxc8+ 63. Kxc8 Kf5 64. Kd7
Kg4 65. Ke6 Kxh4 66. Kf5 Kg3 67. Kg5 h4 68. Kh5 h3 69. Kg5 h2 70. Kf5 h1=Q 71.
Kg6 Qc6+ 72. Kg7 Kf4 73. Kh8 Kg5 74. Kg7 Qd7+ 75. Kg8 Kg6 76. Kf8 Qf7# 0-1